LEADER 00917cam0-2200313---450- 001 990008587190403321 005 20090703100112.0 035 $a000858719 035 $aFED01000858719 035 $a(Aleph)000858719FED01 035 $a000858719 100 $a20071121d1951----km-y0itay50------ba 101 0 $apor 102 $aPT 105 $ay-------001yy 200 1 $aCompêndio de gramática histórica portuguesa$e(fonética e morfologia)$fJosé Joaquim Nunes 205 $a4. ed. 210 $aLisboa$cTeixeira$d1951 215 $aXVI, 452 p.$d23 cm 610 0 $aLingua portoghese$aGrammatica storica 676 $a469.5 700 1$aNunes,$bJosé Joaquim$0395735 801 0$aIT$bUNINA$gRICA$2UNIMARC 901 $aBK 912 $a990008587190403321 952 $a469.5 NUN 1$bIst.f.m.3330$fFLFBC 959 $aFLFBC 996 $aCompêndio de gramática histórica portuguesa$9530388 997 $aUNINA LEADER 01472nam a2200373 i 4500 001 991000159809707536 005 20020506105825.0 008 990624s1987 us ||| | eng 020 $a047180245X [v.1] 020 $a0471802441 [v.2] 035 $ab10039016-39ule_inst 035 $aLE02614198$9ExL 040 $aDip.to Ingegneria dell'Innovazione$bita 082 0 $a620.192 100 1 $aBird, Byron R.$0330978 245 10$aDynamics of polymeric liquids 250 $a2nd ed. 260 $aNew York [etc] :$bJohn Wiley & Sons,$cc1987 300 $a2 v. (xxi, 649 p.) (xxi, 437 p.) :$bill. ;$c26 cm 440 2$aA Wiley interscience publication 500 $aIndice : v.1 Fluid mechanics / R. Byron Bird, Robert C. Armstrong, Ole Hassager; v.2 Kinetic theory / R. Byron Bird [et al.] 650 4$aPolimeri 700 1 $aArmstrong, Robert C. 700 1 $aHassager, Ole 700 1 $aCurtiss, Charles F. 740 0 $aFluid mechanics 740 0 $aKinetic theory 907 $a.b10039016$b24-05-11$c31-05-02 912 $a991000159809707536 945 $aLE026 620.192 BIR 02.01 V.I 1987$cV.I$g1$i2026000005553$lle026$o-$pE0.00$q-$rl$s- $t4$u16$v3$w16$x0$y.i10043299$z31-05-02 945 $aLE026 620.192 BIR 02.01 V.II 1987$cV.II$g1$i2026000005560$lle026$o-$pE0.00$q-$rl$s- $t4$u10$v3$w10$x0$y.i10043305$z31-05-02 996 $aDynamics of polymeric liquids$9177195 997 $aUNISALENTO 998 $ale026$b01-01-99$cm$da $e-$feng$gus $h0$i2